000
00312nam a2200109Ia 4500
008
171211s9999 xx 000 0 und d
245
_a
Beginning Fedora Desktop: Fedora 20 Edition
245
_c
Richard Petersen
260
_c
2014
650
_x
SOFTWARE
856
_u
http://down.ebook777.com/062/9781484200681.pdf
999
_c
349340
_d
349340